00413nam a2200121Ia 4500008004100000245006400041260003700105260000900142300000600151650002600157650001200183856009600195170516s9999 xx 000 0 und d aCT findings of severe dengue fever in the chest and abdomen bRadiology of Infectious Diseases c2015 a: xRadiologic Technology xRadtech uhttps://www.journals.elsevier.com/radiology-of-infectious-diseases/most-downloaded-articles